El atlas anatómico de Crisóstomo Martínez : (Registro nro. 14227)

Detalles MARC
000 -LIDER
fixed length control field 01001cam a2200277 4500
001 - NÚMERO DE CONTROL
Identificador de número de control bimo0000250447
003 - IDENTIFICACDOR DE NÚMERO DE CONTROL
control field DO-SdBNP
005 - DATE AND TIME OF LATEST TRANSACTION
control field 20231006133953.0
008 - ELEMENTOS DE LONGITUD FIJA
fixed length control field 891102s2001 sp f 0 spa
020 ## - ISBN
International Standard Book Number 849517197X
040 ## - FUENTE DE CATALOGACIÓN
Agencia que crea de manera original el registro BPMSU
Idioma de catalogación spa
Agencia que realiza la transcripción BPMSU
Convenciones de la despripción
082 #4 - NÚMERO DE CLASIFICACIÓN DECIMAL DE DEWEY
Classification number R611
Item number M385a 2001
Edition number 22
100 1# - ASIENTO PRINCIPAL -- NOMBRE PERSONAL
Nombre personal Martínez, Crisóstomo
Fechas asociadas con el nombre 1638-1694
245 13 - MENCIÓN DE TITULO
Título El atlas anatómico de Crisóstomo Martínez :
Subtítulo grabador y microscopista del S. XVII /
Mención de responsabilidad estudio y transcripción de José María López Piñero
250 ## - MENCIÓN DE EDICION
Mención de edición 3ª ed.
260 ## - PUBLICACIÓN, DISTRIBUCIÓN, ETC. (PIE DE IMPRENTA)
Lugar de publicación, distribución, etc Valencia :
Nombre del editor, distribuidor, etc. Ayutament de valencia
Fecha de publicación, distribución, etc 2001
300 ## - DESCRIPCIÓN FÍSICA
Extensión 98 p. :
Otros detalles físicos ils.16 h. con lám., 3 h. con lám. pleg ;
Dimensiones 32 cm.
490 0# - MENCIÓN DE SERIES
Mención de serie Publicaciones del Archivo Municipal de Valencia
590 ## - NOTA LOCAL
Enlace Inventariado, 2022/VM
600 17 - ENCABEZAMIENTO DE MATERIA--NOMBRE PERSONAL
Nombre personal Martínez, Crisóstomo
Fechas asociadas con el nombre ca. 1638-ca. 1694
Fuente del encabezado o término embne
650 #4 - ENCABEZAMIENTO DE MATERIA--TEMÁTICO
Término temático o nombre geográfico como elemento de entrada Anatomía humana
Subdivisión de forma Atlas
Fuente del encabezamiento o término
650 ## - ENCABEZAMIENTO DE MATERIA--TEMÁTICO
Término temático o nombre geográfico como elemento de entrada Ilustración médica
Subdivisión geográfica
700 1# - ASIENTO SECUNDARIO -- NOMBRE PERSONAL
Nombre personal López Piñero, José María
Fechas asociadas con el nombre 1933-2010
910 ## - VALIDACIÓN
Validación VMateo V.
942 ## - ADDED ENTRY ELEMENTS (KOHA)
Source of classification or shelving scheme Dewey Decimal Classification
Koha item type Libros
Existencias
Withdrawn status Lost status Source of classification or shelving scheme Damaged status Not for loan Collection code Home library Current library Date acquired Full call number Barcode Date last seen Price effective from Koha item type
    Dewey Decimal Classification     Colección de Referencia General Biblioteca Pública Metropolitana Salomé Ureña Biblioteca Pública Metropolitana Salomé Ureña 06/09/2022 BPMSU CGR R611 M385a 2001 BPMSU22060023 06/09/2022 06/09/2022 Libros